000 01013nam a22001937a 4500
003 NALT
005 20251104092144.0
008 s2557 th tha d
040 _aNALT
041 _atha
050 _aT 50
_bส232ร 2557
100 0 _aเสาวรัจ รัตนคำฟู
_935528
245 1 0 _aรายงานฉบับสมบูรณ์โครงการผลกระทบทางเศรษฐกิจและบทบาทระบบมาตรวิทยาในประเทศไทย /
_cเสาวรัจ รัตนคำฟู... [และคนอื่น ๆ].
260 _aกรุงเทพฯ :
_bสถาบันวิจัยเพื่อการพัฒนาประเทศไทย,
_c2557.
300 _a1 เล่ม :
_bภาพประกอบ, ตาราง, แผนภูมิ ;
_c29 ซม.
650 4 _aมาตรวิทยา
_936048
_xวิจัย
850 _aNALT
942 _cRSH
_2lcc
999 _c74315
_d74315
998 _j104
_k นางสาวสายฝน ดีงาม